000 00989naa a22002777a 4500
001 BR7503294
003 BR-BrBNA
005 20240918173745.0
007 ta
008 230509b bl.||||| |||| 00| 0 por d
040 _aBR-BrBNA
_bpor
_cBiblioteca Nacional de Agricultura
041 _a(Pt)
072 _aF50
_b2120
090 _aF50 BR7503294
100 1 _aRamos, L.C.S.
111 1 _a3. Congresso Brasileiro de Pesquisas Cafeeiras
_cCuritiba, PR (Brazil)
_d18 Nov 1975
245 1 _aSistema radicular de cultivares de cafe
260 3 _aRio de Janeiro, RJ (Brasil):
_c1975.
500 _aResumos do 3. Congresso Brasileiro de Pesquisas Cafeeiras Rio de Janeiro, RJ (Brasil): 1975. p. 112 (BR7503294-AM)F50
650 _aESTRUTURA VEGETAL
650 _aCAFE
650 _aRAIZ
773 0 _tResumos do 3. Congresso Brasileiro de Pesquisas Cafeeiras
_wF50 BR7503294
_gRio de Janeiro, RJ (Brasil), 1975. p. 112
909 _a202404
_bLucia
_c55
_dLucia Elande
942 _cAM
_2AGRIS
999 _c306685
_d306685